| 000 | 01326nam a2200313Ia 4500 | ||
|---|---|---|---|
| 001 | ebr10063870 | ||
| 003 | CaPaEBR | ||
| 006 | m u | ||
| 007 | cr cn||||||||| | ||
| 008 | 041017s2003 dcua gsb 001 0 eng d | ||
| 020 | _z0815758928 | ||
| 040 |
_aCaPaEBR _cCaPaEBR |
||
| 035 | _a(OCoLC)614614933 | ||
| 050 | 1 | 4 |
_aHB715 _b.D4 2003eb |
| 245 | 0 | 0 |
_aDeath and dollars _h[electronic resource] : _bthe role of gifts and bequests in America / _cAlicia H. Munnell, Annika Sunden, editors. |
| 260 |
_aWashington, D.C. : _bBrookings Institution Press, _cc2003. |
||
| 300 |
_avi, 426 p. : _bill. |
||
| 504 | _aIncludes bibliographical references and index. | ||
| 533 |
_aElectronic reproduction. _bPalo Alto, Calif. : _cebrary, _d2009. _nAvailable via World Wide Web. _nAccess may be limited to ebrary affiliated libraries. |
||
| 650 | 0 |
_aInheritance and succession _zUnited States. |
|
| 650 | 0 |
_aWealth _zUnited States. |
|
| 650 | 0 |
_aCharitable uses, trusts, and foundations _zUnited States. |
|
| 650 | 0 |
_aCharitable bequests _zUnited States. |
|
| 655 | 7 |
_aElectronic books. _2local |
|
| 700 | 1 | _aMunnell, Alicia Haydock. | |
| 700 | 1 | _aSunden, Annika E. | |
| 710 | 2 | _aebrary, Inc. | |
| 856 | 4 | 0 |
_uhttp://site.ebrary.com/lib/rucke/Doc?id=10063870 _zAn electronic book accessible through the World Wide Web; click to view |
| 999 |
_c47296 _d47296 |
||